000 00772nam a2200253Ia 4500
003 OSt
005 20221005120948.0
006 a|||||r|||| 00| 0
007 ta
008 221004b |||||||| |||| 00| 0 pan d
020 _c500
024 _a17071
037 _b901, 11/03/2015, H.K. Prakashan
_cTextual
040 _aCRL
_cCRL
_bpan
041 _2pan
_apan
082 _aQ8441:21k, 153P8.1
100 _aਸਿੰਘ, ਹਰਿਭਜਨ, ਥਦ.
245 0 _aF੍ਰੀ ਗੁਰੂ ਗ੍ਰੰਥ ਕੋF
260 _c2008
300 _a340ਪੰ
_ccm.
650 _aਧਰਮ
942 _hQ8441:21k, 153P8.1
_cTEXL
_2cc
999 _c1039683
_d1039683